000 01041nam0a22002771 4500
001 rc\4957636
005 20250613050037.0
021 _aRU
_b[58-22160]
035 _a(NLR Aleph) 008956241
090 _a9035038
_c9035038
100 _a20130426d1958 |||y0rusy50 ca
101 0 _arus
102 _aRU
105 _aa z |||||
200 1 _aУстойчивость одноярусных многопролетных рам
_eУчеб.-метод. пособие
210 _aЛенинград
_cБ. и.
_d1958
215 _a75 с.
_cчерт.
_d22
225 1 _aЛенинградский ордена Трудового Красного Знамени инженерно-строительный институт
_vВып. 36
320 _aБиблиогр.: с. 73 (19 назв.)
606 _aРамные конструкции
_xУстойчивость
_xРасчет
_2psbo
700 1 _aРаевский
_bА.Н.
801 0 _aRU
_bNLR
_gpsbo
801 1 _aRU
_bELAR
_2rusmarc
852 _aNLR
_jП10/945
942 _cBOOK
980 _aNB